000 01252nam a2200229Ia 4500
001 L221-4734
003 IT-CnALBA
008 170116s9999||||xx |||||||||||||| ||und||
040 _aIT-CnALBA
_cIT-CnALBA
041 _aITALIANO
100 _aCASTEL FRANCOIS
245 0 _aSTORIA DI ISRAELE E DI GIUDA DALLE ORIGINI AL SECONDO SECOLO DOPO CRISTO.
250 _a1a ed.
260 _aCINISELLO BALSAMO (MI)
_bEDIZIONI PAOLINE
_c1986 [1° Ed.:1986 - Ed.Ling.Originale: 1983]
300 _a232 p. (prefazione: 5)
500 _aTRADUZIONE DAL FRANCESE DI ZARDI LEONARDO. CRONOLOGIA GENERALE. INTRODUZIONE. CARTINE GEOGRAFICHE. INDICE ANALITICO. DALLA STORIA DEI PATRIARCHI AL SINAI. TEMPO DELLA CONQUISTA. GIUDICI. SAMUELE. MONARCHIA. SCISMA. DOMINAZIONE ASSIRA E FINE DI ISRAELE. BA
501 _aSocietà San Paolo EM - Piazza San Paolo, 14 - 12051 ALBA (CN) (non commercial uses only) ® Copyright 2017
520 _aTRADUZIONE DAL FRANCESE DI ZARDI LEONARDO. CRONOLOGIA GENERALE. INTRODUZIONE. CARTINE GEOGRAFICHE. INDICE ANALITICO. DALLA STORIA DEI PATRIARCHI AL SINAI. TEMPO DELLA CONQUISTA. GIUDICI. SAMUELE. MONARCHIA. SCISMA. DOMINAZIONE ASSIRA E FINE DI ISRAELE. BA
650 _aANTICO TESTAMENTO
942 _cBK
957 _71
999 _a5717
_bNO
_g Copie: 1
_c263925
_d263925